Kendrick Lamar Albums by Cover - Statistics

General Stats
  • This quiz has been taken 76 times
  • The average score is 6 of 6
Answer Stats
Picture Hint Answer % Correct
2017 Damn
100%
2012 Good Kid M.A.A.D. City
99%
2015 To Pimp a Butterfly
99%
2024 GNX
96%
2022 Mr. Morale and the Big Steppers
93%
2011 Section.80
87%
No matching quizzes found
Score Distribution
Percent of People with Each Score
Percentile by Number Answered
Your Score History
You have not taken this quiz